000 01053nam a22002057a 4500
999 _c3781
_d3781
003 AR-CdUCM
008 190307b ||||| |||| 00| 0 spa d
040 _aMUNICIPALIDAD PROVINCIAL DEL CUSCO
_cBIBLIOTECA MUNICIPAL DEL CUSCO
082 _25ed.
_a372.26 /
_bR33
100 _aReca, Telma
_912213
245 _aLa inadaptación escolar :
_bproblemas de conducta del niño en la escuela /
260 _aBuenos Aires :
_bLibreria El Ateneo,
_c1972.
300 _a218 páginas ;
_c19 cm.
505 _aContenido: La inadaptación escolar. Sintomatología aparente de la inadaptación en los casos estudiados. Tres grupos de síntomas -- Inadaptación principalmente determinada por condiciones intrínsecas, individuales -- Inadaptación principalmente determinada por condiciones del medio familiar y social y por experiencia del niño, anteriores o contemporaneas a su ingreso o asistencia a la escuela ...
650 _aAdaptación estudiantil
_912214
650 _aPsicología
_91538
650 _aEscuela
_91856
942 _2ddc
_cLIBROS
945 _azta